000 00346nam a2200109 4500
999 _c9513
_d9513
008 180706b ||||| |||| 00| 0 eng d
245 _aRed tide:
_bWhat kind of poisoning is this? what are its signs and symptoms?
260 _aPhilippines
_bManila Bulletin
_cc2016
300 _apage C-3.
650 0 _928280
_aPoison and poisoning.
942 _2ddc
_cPER